| 000 | 00489 a2200169 4500 | ||
|---|---|---|---|
| 005 | 20251215160800.0 | ||
| 008 | 251215b |||||||| |||| 00| 0 eng d | ||
| 020 |
_a9789354666667 _cRs. 1095.00(SP) |
||
| 040 | _aMAIN | ||
| 082 |
_a612 _bS21T |
||
| 100 | _aSontakke, Yogesh | ||
| 245 | _aTextbook of human anatomy with color atlas and clinical integration, 2V | ||
| 260 |
_bCBS Publishers and Distributors _c2024 _aNew Delhi |
||
| 300 | _a206 | ||
| 650 | _aHuman Anatomy | ||
| 942 | _cBK | ||
| 999 |
_c393667 _d393667 |
||